Zrušenie zmluvy zaplatením odstupného v obchodnom práve

Zaplatenie odstupného - jeden z dôvodov zániku záväzku v obchodných vzťahoch. Rozbor právnej úpravy a podstaty odstupného. Vzťah odstupného k náhrade škody a zmluvnej pokute. Právna úprava odstupného. Pojem, význam a funkcie odstupného. Forma a náležitosti dohody o odstupnom. Spôsob zrušenia zmluvy...

Descrizione completa

Salvato in:
Dettagli Bibliografici
Autore principale: Ovečková, Oľga
Natura: Capitolo di libro
Lingua:slovacco
Soggetti:
Tags: Aggiungi Tag
Nessun Tag, puoi essere il primo ad aggiungerne!!

MARC

LEADER 00000naa a2200000 4500
001 r026499
005 20230921125235.0
041 0 |a slo 
044 |a SK 
245 1 0 |a Zrušenie zmluvy zaplatením odstupného v obchodnom práve  |c Oľga Ovečková 
520 |a Zaplatenie odstupného - jeden z dôvodov zániku záväzku v obchodných vzťahoch. Rozbor právnej úpravy a podstaty odstupného. Vzťah odstupného k náhrade škody a zmluvnej pokute. Právna úprava odstupného. Pojem, význam a funkcie odstupného. Forma a náležitosti dohody o odstupnom. Spôsob zrušenia zmluvy na základe odstupného. Účinky zrušenia zmluvy. Odstupné a náhrada škody. Odstupné a zmluvná pokuta. 
610 2 0 |a odstupné 
610 2 0 |a právo obchodné 
610 2 0 |a záväzky 
610 2 0 |a vzťahy obchodné záväzkové 
610 2 0 |a úpravy právne 
610 2 0 |a zmluvy obchodné 
100 1 |a Ovečková, Oľga